LEADER 01231nam0-2200445---450- 001 990008515840403321 005 20120515123959.0 010 $a0-691-11384-X 035 $a000851584 035 $aFED01000851584 035 $a(Aleph)000851584FED01 035 $a000851584 100 $a20070524d2003----km-y1itay50------ba 101 1 $aeng 102 $aUS 105 $aa---a---001yy 200 1 $aFourier analysis$ean introduction$fElias M. Stein & Rami Shakarchi 210 $aPrinceton and Oxford$cPrinceton University Press$dc2003 215 $aXVI,311 p.$c24 cm 225 1 $aPrinceton lectures in analysis$v1 610 0 $aAnalisi di fourier 676 $a515.24$v21$zita 700 1$aStein,$bElias M.$041144 701 1$aShakarchi,$bRami$061671 801 0$aIT$bUNINA$gRICA$2UNIMARC 901 $aBK 912 $a990008515840403321 952 $a02 43 B 43$b8293$fFINBN 952 $aMAI-00-012$b23104$fMA1 952 $a515.24-STE-1$b3584$fSC1 952 $a125-A-6-(1$b25244$fMA1 952 $a125-A-6-(1BIS$b25245$fMA1 959 $aFINBN 959 $aMA1 959 $aSC1 962 $a42-01 962 $a42A38 962 $a42B10 996 $aFourier analysis$9732717 997 $aUNINA LEADER 00860nam0-2200289 --450 001 9910582398403321 005 20220721085717.0 010 $a978-88-581-4346-9 100 $a20220721d2021----kmuy0itay5050 ba 101 0 $aita$cita 102 $aIT 105 $aa 001yy 200 1 $a<>mondo di ferro$ela guerra nell'Antichitą$fMarco Bettalli 210 $aBari$aRoma$cGLF editori Laterza$d2021 215 $aVIII, 512 p.$cill.$d22 cm 225 1 $aEconomica Laterza$v954 320 $aContiene bibl. (pp. 433-487) 610 0 $aGuerra$aConcezione$aAntichitą 676 $a355.0209$v23$zita 700 1$aBettalli,$bMarco$0298528 801 0$aIT$bUNINA$gREICAT$2UNIMARC 901 $aBK 912 $a9910582398403321 952 $aCOLLEZ. 1623 (954)$b1428/2022$fFSPBC 959 $aFSPBC 996 $aMondo di ferro$91730059 997 $aUNINA